000 01717nam a2200301 i 4500
003 CSPC
005 20241008160650.0
008 241008s2021 -uka 001 0 eng d
020 _a9781801818780
040 _cCSPC
_aCSPC
_beng
_erda
050 4 _aT58.5
082 0 4 _a658.4038
_bF877m
_223
100 1 _aFreeman, James,
_eauthor.
245 1 0 _aMastering ansible :
_bautomate configuration management and overcome deployment challenges with ansible /
_cJames Freeman and Jesse Keating.
250 _aFourth edition.
264 3 1 _aBirmingham, UK :
_bPackt Publishing Ltd.,
_c2021.
300 _axvii, 521 pages :
_billustrations ;
_c24 cm.
336 _atext
_2rdacontent
337 _aunmediated
_2rdamedia
338 _avolume
_2rdacarrier
500 _aIncludes index.
505 0 _aAnsible overview and fundamentals -- The system architecture and design of ansible -- Migrating form earlier ansible versions -- Protecting your secrets with ansible -- Ansible and windows - not just for Linux -- Infrastructure management for enterprises with AWX -- Writing and troubleshooting ansible playbooks -- Unlocking the power of Jinja2 templates -- Controlling task conditions -- Composing reusable ansible content with roles -- Troubleshooting ansible -- Extending ansible -- Orchestration with ansible -- Minimizing downtime with rolling deployments -- Infrastructure provisioning -- Network automation.
650 0 _aInformation technology
_vAutomation.
650 0 _a Information technology
_vManagement.
700 1 _aKeating, Jesse,
_eauthor.
942 _2ddc
_n0
_cBK
_h658.4038
_iF877m
_kGRD
_m2021
_e23
999 _c28343
_d28343